000 00778pam a2200241 a 4500
999 _c24084
_d24084
001 1877207
005 20170127161813.0
008 830210s1983 nyu b 000 0 eng
010 _a 83002759
020 _a0932648282 :
_c$50.00
040 _aDLC
_cDLC
_dDLC
050 0 0 _aHD56
_b.S29 1983
100 1 _aSayles, Leonard R.
245 1 4 _aThe complete book of practical productivity /
_cLeonard R. Sayles.
260 _aNew York, N.Y. :
_bBoardroom Books,
_cc1983.
300 _ax, 186 p. :
_c29 cm.
504 _aIncludes bibliographical references.
650 0 _aIndustrial productivity.
650 0 _aIndustrial management.
942 _2lcc
_cBOOKS
_hHD56 .S28 1983